000 00447nam a2200145 i 4500
001 73001
003 ES-MaACL
007 t|
008 040906s1984 sp ||||1| spa d
100 1 _aGómez de Armijo, Tomás.
_957883
245 1 4 _aLos medios audiovisuales en el campo de la educación /
_cTomás Gómez de Armijo.
260 _a[Madrid :
_bs.n.,
_c1984] (
_fPablo López)
300 _a159 p. ;
_c20 cm.
852 _aES-MaACL
_jL-6247
_bR.106727
999 _c73001
_d73001